000 00685cam a2200241 a 4500
001 1023019
005 20180109075809.0
008 921218s1990 nyua 000 0 eng d
010 _a 88063055
020 _a0312019947
035 _a(OCoLC)21874167
040 _aNcAnA
_cNcAnA
_dDLC
041 _aeng
042 _alccopycat
080 _a808..0427 JEA
082 0 4 _a808..0427 JEA
_220
100 1 _a46
101 _aEDU
245 1 0 _aChanges :
_cJean Withrow, Gay Brookes, Martha Clark Cummings.
906 _a7
_bcbc
_ccopycat
_d4
_eopcn
_f19
_gy-gencatlg
942 _2ddc
_cBK
999 _c39937
_d39937